000
00297nam a22001337a 4500
008
171108b xxu||||| |||| 00| 0 eng d
020
_a
9781587620614
041
_a
eng
080
_a
330.322
100
_a
64
101
_a
INV
245
_a
LEADING INVESTMENT BANKERS
_c
LYNCH.M
942
_2
udc
_c
BK
999
_c
38183
_d
38183